Conférence Telégraphique Internationale de Rome (Record no. 103229)

MARC details
000 -LEADER
campo de control de longitud fija 00809nam a2200193 i 4500
001 - NÚMERO DE CONTROL
campo de control 103229
003 - IDENTIFICADOR DE NÚMERO DE CONTROL
campo de control ES-MaACL
005 - FECHA Y HORA DE LA ÚLTIMA TRANSACCIÓN
campo de control 20230906183312.0
007 - CAMPO FIJO DE DESCRIPCIÓN FÍSICA--INFORMACIÓN GENERAL
campo de control de longitud fija t|
008 - DATOS DE LONGITUD FIJA--INFORMACIÓN GENERAL
campo de control de longitud fija 060202s1871 sp ||||1| fre d
111 2# - ENTRADA PRINCIPAL--NOMBRE DE CONGRESO/REUNIÓN
Nombre de congreso/reunión o jurisdicción como elemento de entrada Conférence Telégraphique Internationale de Rome (
Fecha del congreso o de la firma del tratado 1871.
Sede del congreso/Lugar de la reunión Rome)
9 (RLIN) 190
245 10 - MENCIÓN DEL TÍTULO
Título Conférence Telégraphique Internationale de Rome
Resto del título : ... Séance.
260 ## - PUBLICACIÓN, DISTRIBUCIÓN, ETC.
Lugar de publicación, distribución, etc. [S.l. :
Nombre del editor, distribuidor, etc. s.n.,
Fecha de publicación, distribución, etc. 1871]
300 ## - DESCRIPCIÓN FÍSICA
Extensión 1 v. (pag. var.) ;
Dimensiones 29 cm.
500 ## - NOTA GENERAL
Nota general Ejemplar sin portada.
505 8# - NOTA DE CONTENIDO CON FORMATO
Nota de contenido con formato Contiene: IIe Séance: 20 décembre 1871 -- 15e Séance: 28 décembre 1871 -- 16e Séance: 29 décembre 1871 -- 17e Séance: 30 décembre 1871 -- 18e Séance: 1 janvier 1871 -- 19e Séance: 2 janvier 1872 -- 20e Séance: 8 javier 1872
650 #4 - PUNTO DE ACCESO ADICIONAL DE MATERIA--TÉRMINO DE MATERIA
Término de materia o nombre geográfico como elemento de entrada Telégrafo.
9 (RLIN) 17430
852 ## - LOCALIZACIÓN
Ubicación ES-MaACL
Número de control de estantería T-745-F-3
Holdings
Estatus retirado Estado de pérdida Estado de daño No para préstamo Colección Biblioteca de origen Biblioteca actual Ubicación en estantería Fecha de adquisición Fuente de adquisición Total de préstamos Signatura topográfica completa Código de barras Visto por última vez Precio de reemplazo Tipo de ítem Koha
        Colección de folletos Biblioteca del Ateneo de Madrid Biblioteca del Ateneo de Madrid Depósito folletos 17/01/2008     T-745-F-3 1107795 23/02/2023 23/02/2023 Folleto